000
00313nam a2200133Ia 4500
008
240624s9999 xx 000 0 und d
041
_a
eng
082
_a
823 NAR
100
_a
NARAYAN R K
245
_a
DARK ROOM
260
_c
2004
_a
Chennai
_b
Indian Thought Publications
300
_a
162 : cm. ; 22
365
_c
RS
999
_c
2295
_d
2295